00545nam a2200181Ia 450000500170000000800410001708200130005810000220007124500560009326000480014930000160019765000130021365000120022665000120023894200060025095200940025699900130035020240730010924.0240331s9999 xx 000 0 und d a294bSUB aSubramanian , K.R 4aThe origin of saivism and history in the Tamil land aNew DelhibAsian Educational Servicesc1929 aiv, 82 p ., aBuddhist aHistory aSaivism cL 001040708LaWERCLbWERCLcSSCd2024-03-31l0o 294 SUBp600r2024-03-31w2024-03-31yL c905d905